000 00899nas a2200301 4500
001 BR9206827
003 BR-BrBNA
005 20231205092957.0
007 ta
008 230509b bl.|||p| |||| 00| 00por d
040 _aBR-BrBNA
_bpor
_cBiblioteca Nacional de Agricultura
041 _a(Pt)
072 _aL53
100 1 _aLopes, R.A.
100 1 _aNuti Sobrinho, A.
100 1 _aSantos, H.S.L.
100 1 _aSatake, T.
100 1 _aWatanabe, I.
245 1 _aSobre a reproducao de peixes brasileiros. 27. Ovogenese da taguara Schizodon nasutus Kner 1859 (Pisces, Anostomidae)
650 _aPEIXE DE AGUA DOCE
650 _aOVARIO
650 _aREPRODUCAO ANIMAL
650 _aREPRODUTOR
650 _aPESO
773 0 _tArs Veterinaria (Brazil)
_xISSN 0102-6380
_g(Dec 1988), v. 4(2) p. 165-175
_wBR9206827
909 _a202311
_bLúcia
_c55
_dLúcia Elande
942 _2AGRIS
_n0
_cANA
999 _c135509
_d135509